000 01227ngm a22003970a 4500
001 PT39879
003 AR-LpoUNG
005 20210201235843.0
007 vd cvaizq
008 191001s2006||||ag |||||||||||||||||spa d
037 _c$10
040 _aAR-LpoUNG
_bspa
_cAR-LpoUNG
_eaacr
041 _aspa
044 _aag
082 0 _a982.065 385cam
100 1 _aLucas, Hernán
_edir.
245 1 0 _aCámara fría
250 _a1ª ed.
260 _aBuenos Aires :
_bPico y pala,
_c2006.
300 _aDVD (42 min.) : son., byn, col.
520 _aCámara fría: cine/vida cotidiana en las películas de la última dictadura militar (1976-1983) : ensayo documental realizado íntegramente con películas argentinas estrenadas en la dictadura militar. Se trata de un trabajo de montaje: recontextualización e intervención de imágenes.
650 4 _aARGENTINA
650 4 _aDICTADURA
650 4 _aGOBIERNO MILITAR
650 4 _aHISTORIA
650 4 _aINDUSTRIA CINEMATOGRAFICA
650 4 _aPELICULAS
651 4 _aArgentina
653 _aCINE ARGENTINO
653 _aDOCUMENTALES
653 _aDVD
653 _aVIDEOS
700 1 _aMartínez, Marcos
_edir.
905 _a39879
942 _cDVD
999 _c53613
_d53613